000 00553nam a2200217Ia 4500
003 OSt
005 20220928151658.0
006 a|||||r|||| 00| 0
007 ta
008 220927b |||||||| |||| 00| 0 eng d
024 _a130718
037 _cTextual
040 _aSDCL
_cSDCL
_beng
041 _2eng
_aeng
082 _aO115,2M28x, 111K6
100 _aIbsen Henrik
_9393543
245 0 _aPeer Gynt
_b A dramatic poem.
260 _c1966
942 _hO115,2M28x, 111K6
_cTEXL
_2CC
999 _c852787
_d852787